000
00307nam a2200121Ia 4500
008
190722s9999 xx 000 0 und d
020
_a
978-81-315-2011-6
100
_a
Earl Babbie
245
4
_a
The Practice of Social Research
260
_a
New Delhi
_b
Cengage learning
_c
2015
300
_a
584
942
_c
BK
999
_c
733
_d
733